Online
Catalog

Desde un girasol : (Record no. 50607)

MARC details
000 -CABECERA
campo de control de longitud fija 01448nam a2200325 i 4500
003 - IDENTIFICADOR DEL NÚMERO DE CONTROL
campo de control DO-SdBNP
005 - FECHA Y HORA DE LA ÚLTIMA TRANSACCIÓN
campo de control 20250812143608.0
007 - CAMPO FIJO DE DESCRIPCIÓN FÍSICA--INFORMACIÓN GENERAL
campo de control de longitud fija ta
008 - DATOS DE LONGITUD FIJA--INFORMACIÓN GENERAL
campo de control de longitud fija 210921b2009 200dr a r 00| 0 engspa d
040 ## - FUENTE DE LA CATALOGACIÓN
Centro catalogador/agencia de origen DO-SdBNP
Lengua de catalogación spa
Centro/agencia transcriptor BNPHU
Normas de descripción rda
041 ## - CÓDIGO DE LENGUA
Código de lengua del texto/banda sonora o título independiente spa
082 #4 - NÚMERO DE LA CLASIFICACIÓN DECIMAL DEWEY
Número de clasificación A863.44
Número de documento/Ítem D449u
Número de edición 22
245 00 - MENCIÓN DE TÍTULO
Título Desde un girasol :
Resto del título antología de cuentos del Caribe /
Mención de responsabilidad, etc. ediciones, Thelma Jiménez ; ilustraciones, Iranidis Fundora, José Antonio Acosta
264 #4 - PRODUCCIÓN, PUBLICACIÓN, DISTRIBUCIÓN, FABRICACIÓN Y COPYRIGHT
Producción, publicación, distribución, fabricación y copyright Santo Domingo :
Nombre del de productor, editor, distribuidor, fabricante Ferilibro ;
-- Unión,
Fecha de producción, publicación, distribución, fabricación o copyright ©2009.
300 ## - DESCRIPCIÓN FÍSICA
Extensión 69 páginas :
Otras características físicas ilustraciones ;
Dimensiones 23 cm.
336 ## - TIPO DE CONTENIDO
Término de tipo de contenido texto
Código de tipo de contenido txt
Fuente rdacontent
337 ## - TIPO DE MEDIO
Nombre/término del tipo de medio sin mediación
Código del tipo de medio n
Fuente rdamedia
338 ## - TIPO DE SOPORTE
Nombre/término del tipo de soporte volumen
Código del tipo de soporte nc
Fuente rdacarrier
490 ## - MENCIÓN DE SERIE
Mención de serie Dienteleche
500 ## - NOTA GENERAL
Nota general Incluye datos biográficos de los autores
505 ## - NOTA DE CONTENIDO CON FORMATO
Nota de contenido con formato Piscilandia /
Mención de responsabilidad Dinorah Coronado --
Título Un pollito de granja /
Mención de responsabilidad Rafael Peralta Romero --
Título El dragón que quería ser bombero /
Mención de responsabilidad Luis Caissés Sánchez --
Título La abuela extraterrestre /
Mención de responsabilidad Olga Rodríguez Colón --
Título El rey coquí /
Mención de responsabilidad Ángel Herdz --
Título La metamorfosis de Isabel /
Mención de responsabilidad José H. Cáez-Romero.
590 ## - NOTA LOCAL (RLIN)
Nota local Inventariado, 2021/BT
650 #4 - PUNTO DE ACCESO ADICIONAL DE MATERIA--TÉRMINO DE MATERIA
Término de materia o nombre geográfico como elemento de entrada Cuentos dominicanos
9 (RLIN) 79984
650 #4 - PUNTO DE ACCESO ADICIONAL DE MATERIA--TÉRMINO DE MATERIA
Término de materia o nombre geográfico como elemento de entrada Literatura dominicana
9 (RLIN) 79985
700 1# - PUNTO DE ACCESO ADICIONAL--NOMBRE DE PERSONA
Nombre de persona Jiménez, Thelma,
Término indicativo de función/relación editor
Código de función/relación ed.
9 (RLIN) 22967
700 1# - PUNTO DE ACCESO ADICIONAL--NOMBRE DE PERSONA
Nombre de persona Fundora, Iranidis,
Término indicativo de función/relación ilustrador
Código de función/relación il.
9 (RLIN) 79982
700 1# - PUNTO DE ACCESO ADICIONAL--NOMBRE DE PERSONA
Nombre de persona Acosta, José Antonio,
Término indicativo de función/relación ilustrador
Código de función/relación il.
9 (RLIN) 36192
910 ## - DATOS DE OPCIÓN DEL USUARIO (OCLC)
Datos de opción del usuario Btavárez/Validado. Control de calidad MFF
942 ## - ELEMENTOS DE PUNTO DE ACCESO ADICIONAL (KOHA)
Fuente del sistema de clasificación o colocación Dewey Decimal Classification
Tipo de ítem Koha Libro
Holdings
Estado de retiro Estado de pérdida Fuente del sistema de clasificación o colocación Restricciones de uso No para préstamo Código de colección Localización permanente Ubicación/localización actual Ubicación en estantería Fecha de adquisición Fuente de adquisición Total de préstamos Signatura topográfica completa Código de barras Fecha visto por última vez Precio válido a partir de Tipo de ítem Koha Número de copia
    Dewey Decimal Classification Excluido de préstamo   Patrimonio Dominicano Biblioteca Nacional Pedro Henríquez Ureña Biblioteca Nacional Pedro Henríquez Ureña Depósito 21.09.2021 Donación   BNPHU PD A863.44 D449u 2021-26884 21.09.2021 21.09.2021 Libro  
    Dewey Decimal Classification Excluido de préstamo   Patrimonio Dominicano Biblioteca Nacional Pedro Henríquez Ureña Biblioteca Nacional Pedro Henríquez Ureña Depósito 12.08.2025 Donado por Célida Alvárez   BNPHU PD A863.44 D449u 2025-8366 12.08.2025 12.08.2025 Libro e.2
    Dewey Decimal Classification Préstamo en sala   Dominicana de Servicio Biblioteca Nacional Pedro Henríquez Ureña Biblioteca Nacional Pedro Henríquez Ureña Depósito 12.08.2025 Donado por Fernando Ureña Rib   BNPHU DS A863.44 D449u 2025-8367 12.08.2025 12.08.2025 Libro e.3

Powered by Koha